Дело о закрытии Петербургского училища взаимного обучения ввиду отсутствия средств на его содержание

Доступно только в Электронных читальных залах Найти на картеНа карте
RUSMARC
00004045nmc2a2200000 x 450
001892f4257-8510-431e-b097-45ae34841abd
00520160705095750.0
100##$a20150617l18241824k l0rusy0189 ca
1010#$arus
102##$aRU
2001#$aДело о закрытии Петербургского училища взаимного обучения ввиду отсутствия средств на его содержание
$j22 марта - 26 июля 1824 г.
251##$cДело
300##$aОриг. заголовок дела: Дело по письму председателя Общества учреждения училищ по методу взаимного обучения князя Голицына об поддержании от правительства школы для бедных детей, заведенной помянутым обществом. 22 марта 1824 г. - 26 июня 1824 г
801#0$aRU
$bРГИА
$c20150617
$gRCR
801#1$aRU
$bГлавНИВЦ
$c20150617
$2rusmarc
801#2$aRU
$bПБ им. Б.Н. Ельцина
$c20160705
$gRCR
$2rusmarc
850##$aРГИА
852##$aРГИА
$eФедеральное казенное учреждение "Российский государственный исторический архив" (РГИА)
$j96
937##$hРГИА
$d11556583
$aASBIBLIO_SCAN
462#0$1001a25a632e-e298-49e9-af82-b99ccf4c5441
$12001
$a1818-1830 гг.
$1251
$cОпись
$1852
$j91
461#0$1001a74412a3-3cc5-4d21-8f0a-dfe2fbd9e72d
$12001
$aДепартамент народного просвещения Министерства народного просвещения (1803-1917)
$1251
$cФонд
$1852
$j733
215##$a36 л.
$d36,5х26 см
371##$aДокумент не является опубликованным и широко распространяемым
105##$ay###
1222#$ad
5171#$aДело по письму председателя Общества учреждения училищ по методу взаимного обучения князя Голицына об поддержании от правительства школы для бедных детей, заведенной помянутым обществом. 22 марта 1824 г. - 26 июня 1824 г
035##$a892f4257-8510-431e-b097-45ae34841abd
Формат отображения